00770nam a2200217Ia 4500003000400000005001700004008004100021020001500062040000700077041000800084082001800092100002900110245007700139260003900216300001500255365001300270906008200283942001200365999001900377952015600396OSt20230403142432.0210423s2001 xx 000 0 und d a1403911029 cAL aeng a232.0954 KERH aKERSTEN (Holger).982626 aJesus lived in India: his unknown life before and after the crucifixion. aNew DelhibPenguin Books Ltdc2001 avi,264bPB b299cINR aafter ; before ; crucifixion. ; his ; india: ; Jesus ; life ; lived ; unknown 2ddccBK c157989d157989 001040708MAENGaSACPGbSACPGd2010-06-15eHigginbothams Pvt Ltdg299.00l1o232.0954 KERHpPG004466r2024-02-05 00:00:00s2024-01-27w2021-04-26yBK